000 01040nam a2200313Ia 4500
001 Para_8885
003 CHAP
008 220125s2004 xx 000 0 und d
010 _a205973
040 _cCHAP
090 _aPA TESIS 1833
100 _aSanta Ortega, Noé
_9172121
245 _aBiología y determinación de la respuesta funcional y númerica de Hyperaspis trifurcata Scheaffer (Coleoptera :
_bCoccinellidae) /
_cpor Noé Santana Ortega
260 _aChapingo, Méx. :
_b el autor
300 _a69 h.
502 _aTesis (M.C. Protección Vegetal) UACh. Departamento Parasitología Agrícola
650 _aCoccinellidae
_9172122
650 _aCochinilla grana
_9172123
650 _aHyperaspis trifurcata
_9172124
650 _aNopal
_x plagas
_981689
710 _aUACh. Departamento Parasitología Agrícola
_9164025
901 _aPA TESIS 1833
902 _aA
905 _a0000002004 dni 0000000000 00
910 _a2004
942 _cPARA
942 _cPARA
_d1
999 _c205973
_d205973